<?xml version="1.0" encoding="UTF-8"?><?xml-stylesheet type="text/xsl" href="static/style.xsl"?><OAI-PMH xmlns="http://www.openarchives.org/OAI/2.0/" xmlns:xsi="http://www.w3.org/2001/XMLSchema-instance" xsi:schemaLocation="http://www.openarchives.org/OAI/2.0/ http://www.openarchives.org/OAI/2.0/OAI-PMH.xsd"><responseDate>2026-04-30T05:19:02Z</responseDate><request verb="GetRecord" identifier="oai:uvadoc.uva.es:10324/73678" metadataPrefix="marc">https://uvadoc.uva.es/oai/request</request><GetRecord><record><header><identifier>oai:uvadoc.uva.es:10324/73678</identifier><datestamp>2025-01-22T09:01:15Z</datestamp><setSpec>com_10324_1181</setSpec><setSpec>com_10324_931</setSpec><setSpec>com_10324_894</setSpec><setSpec>col_10324_1389</setSpec></header><metadata><record xmlns="http://www.loc.gov/MARC21/slim" xmlns:doc="http://www.lyncode.com/xoai" xmlns:xsi="http://www.w3.org/2001/XMLSchema-instance" xmlns:dcterms="http://purl.org/dc/terms/" xsi:schemaLocation="http://www.loc.gov/MARC21/slim http://www.loc.gov/standards/marcxml/schema/MARC21slim.xsd">
<leader>00925njm 22002777a 4500</leader>
<datafield tag="042" ind1=" " ind2=" ">
<subfield code="a">dc</subfield>
</datafield>
<datafield tag="720" ind1=" " ind2=" ">
<subfield code="a">Jimeno Bulnes, Natalia</subfield>
<subfield code="e">author</subfield>
</datafield>
<datafield tag="260" ind1=" " ind2=" ">
<subfield code="c">2023</subfield>
</datafield>
<datafield tag="520" ind1=" " ind2=" ">
<subfield code="a">CONCLUSIONS. 1. ‘Interview a healthcare professional’ is an innovative group methodology in 2nd year Medicine students. 2.It uses experiential and project-based learning, and facilitates theearlycontact withhealthcare practice,the better acquisition of theoretical contents about humanization,and the active role of students. 3. Future developments include application to students of other healthcare professions from any country. &#xd;
TAKE-HOMEMESSAGE: The use of interviews with experienced healthcare rofessionals conducted by groups of students in Medicine and other Health Sciences is a potential methodology to promote healthcare humanization.</subfield>
</datafield>
<datafield tag="024" ind2=" " ind1="8">
<subfield code="a">Sesión de 2 horas de duración (exposición y discusión). Hochschule Bremen, City University of Applied Sciences. Bremen (Alemania), 17/01/2023.</subfield>
</datafield>
<datafield tag="024" ind2=" " ind1="8">
<subfield code="a">https://uvadoc.uva.es/handle/10324/73678</subfield>
</datafield>
<datafield tag="245" ind1="0" ind2="0">
<subfield code="a">“Interview a healthcare professional': three years' experience of an innovative methodology to promote healthcare humanization and early contact with clinical practice”.</subfield>
</datafield>
</record></metadata></record></GetRecord></OAI-PMH>